=LDR 00000nam 2200000 4500 =001 INLIS000000000020429 =005 20200825082925 =035 ##$$a 0010-061300000020429 =008 200825################g##########0#ind## =041 ##$$a Ind =082 ##$$a 2x4.12 =090 ##$$a 2x4.12, Asy c =100 ##$$a Asy, Maftah Ahnan =245 1#$$a Contoh sifat-sifat sholat Rasululloh SAW /$c Ust. Maftuh Ahnan ASY =260 ##$$a Surabaya :$b Terbit Terang,$c 2004 =300 ##$$a 128 hlm ; $c 20 x 14 cm =650 #4$$a Sholat-Islam =850 ##$$a NBPNMAT =084 ##$$a 2x4.12 ASY c =990 ##$$a 20614291